000 00608nam a2200205 4500
001 108362
003 ES-MaACL
005 20230906184630.0
007 t|
008 061121s1987 sp r ||||1| spa d
020 _a84-7644-022-7
100 1 _aMoncada, Santiago.
_982121
245 1 1 _a¿Qué tal cariño? /
_cSantiago Moncada.
260 _aMadrid :
_bAntonio Machado,
_c1987.
300 _a95 p. ;
_c17 cm.
490 1 _aBiblioteca Antonio Machado de teatro ;
_v17
830 0 _aBiblioteca Antonio Machado de teatro ;
_v17
_9178191
852 _aES-MaACL
_jL-12545
_bR.114892
999 _c108362
_d108362